00488 2200169 4500001002100000005001500021035002000036245007000056100002700126300002100153260004700174082001000221084001600231020001800247600002700265990002600292INLIS00000000000026920251022020812 a0010-10250000871 aVidio Editing Dengan Adobe Premiere 6.5 /cIr.Pandapotan Sianipar0 aIr.Pandapotan Sianipar a193 hlm ;c21 cm aJakarta :bPT Elex Media Komputindo,c2004 a005.7 a005.7 IR. v a979-20-5441-3 4aIr.Pandapotan Sianipar a2017/SMKMIRI/1486/001